Preachers of hate : (Record no. 15398)

000 -LEADER
fixed length control field 00765cam a22002538a 4500
001 - CONTROL NUMBER
control field 13695547
005 - DATE AND TIME OF LATEST TRANSACTION
control field 20170105102917.0
008 - FIXED-LENGTH DATA ELEMENTS--GENERAL INFORMATION
fixed length control field 030605r20032002enk 000 0 eng
015 ## - NATIONAL BIBLIOGRAPHY NUMBER
National bibliography number GBA3-V5322
020 ## - INTERNATIONAL STANDARD BOOK NUMBER
International Standard Book Number 1903933218
035 ## - SYSTEM CONTROL NUMBER
System control number (OCoLC)ocm52784988
040 ## - CATALOGING SOURCE
Original cataloging agency UKM
Transcribing agency UKM
Modifying agency DLC
082 04 - DEWEY DECIMAL CLASSIFICATION NUMBER
Classification number 320.53309409051
Edition number 21
100 1# - MAIN ENTRY--PERSONAL NAME
Personal name Roxburgh, Angus.
245 10 - TITLE STATEMENT
Title Preachers of hate :
Remainder of title the rise of the far right /
Statement of responsibility, etc. Angus Roxburgh.
260 ## - PUBLICATION, DISTRIBUTION, ETC.
Place of publication, distribution, etc. London :
Name of publisher, distributor, etc. Gibson Square,
Date of publication, distribution, etc. 2003.
300 ## - PHYSICAL DESCRIPTION
Extent 312 p.
500 ## - GENERAL NOTE
General note Originally published: 2002.
650 #0 - SUBJECT ADDED ENTRY--TOPICAL TERM
Topical term or geographic name entry element Right-wing extremists
Geographic subdivision Europe.
651 #0 - SUBJECT ADDED ENTRY--GEOGRAPHIC NAME
Geographic name Europe
General subdivision Politics and government
Chronological subdivision 1989-
906 ## - LOCAL DATA ELEMENT F, LDF (RLIN)
a 0
b ibc
c copycat
d 1
e ncip
f 20
g y-gencatlg
942 ## - ADDED ENTRY ELEMENTS (KOHA)
Source of classification or shelving scheme
Koha item type Book
Holdings
Withdrawn status Lost status Damaged status Not for loan Collection code Permanent Location Current Location Shelving location Date acquired Total Checkouts Full call number Barcode Date last seen Price effective from Koha item type
          Centre for International Peace & Stability (CIPS) Centre for International Peace & Stability (CIPS) General Stacks 10/02/2013   320.53309409051 ROX 2002 CIPS0002358 12/02/2013 12/02/2013 Book
© 2023 Central Library, National University of Sciences and Technology. All Rights Reserved.